| 000 | 01291nam0a22002891 4500 | ||
|---|---|---|---|
| 001 | rc\3944642 | ||
| 005 | 20250611032651.0 | ||
| 021 |
_aRU _b[55-14742ж] |
||
| 035 | _a(NLR Aleph) 008040378 | ||
| 090 |
_a8877391 _c8877391 |
||
| 100 | _a20130415d1955 |||y0rusy50 ca | ||
| 101 | 0 | _arus | |
| 102 | _aRU | ||
| 105 | _aa z ||||| | ||
| 200 | 1 |
_aСварка черных и цветных металлов. Кислородная резка _e[Сборник статей] _fПод ред. А.Н. Шашкова |
|
| 210 |
_aМосква _cГосхимиздат _d1955 |
||
| 215 |
_a216 с. _cил. _d22 |
||
| 225 | 1 |
_aМинистерство машиностроения и приборостроения СССР. Главкислородмаш. Труды Всесоюзного научно-исследовательского института автогенной обработки металлов _vВып. 3 |
|
| 320 | _aБиблиогр. в конце статей | ||
| 606 |
_aСварка _jСборники _2psbo |
||
| 606 |
_aГазовая резка _jСборники _2psbo |
||
| 702 | 1 |
_aШашков _bА.Н. _gАндрей Николаевич _4340 |
|
| 801 | 0 |
_aRU _bNLR _gpsbo |
|
| 801 | 1 |
_aRU _bELAR _2rusmarc |
|
| 852 |
_aNLR _jП10/1184 |
||
| 942 | _cBOOK | ||
| 980 | _aNB | ||